000
00325nam a2200133Ia 4500
005
20260328101509.0
008
260328s9999||||xx |||||||||||||| ||und||
100
_a
Denti, Giovanni
245
0
_a
Le Corbusier :
_b
Bibliografía /
_c
Giovanni Denti
260
_b
Alinea
300
_a
112 p.
650
_a
ARQUITECTOS
942
_c
BK
999
_c
9123
_d
9123